Tchad, rapport d'activités, situation des droits de l'homme.
Saved in:
| Corporate Author: | |
|---|---|
| Format: | Journal |
| Language: | French |
| Published: |
N'djamena, Tchad :
Ligue tchadienne des droits de l'homme, Bureau national
|
| Subjects: | |
| Tags: |
Add Tag
No Tags, Be the first to tag this record!
|
| LEADER | 01081cas a2200289 a 4500 | ||
|---|---|---|---|
| 001 | 009120357-0 | ||
| 005 | 20060412143533.0 | ||
| 008 | 030623u19uuuuuucd qr p 0 0fre d | ||
| 010 | |a 2006235396 | ||
| 035 | 0 | |a ocm52480501 | |
| 040 | |a NYP |c NYP |d OCLCQ |d HVL | ||
| 042 | |a lcd | ||
| 043 | |a f-cd--- | ||
| 245 | 0 | 0 | |a Tchad, rapport d'activités, situation des droits de l'homme. |
| 246 | 3 | 0 | |a Rapport d'activités, situation des droits de l'homme |
| 246 | 3 | 0 | |a Situation des droits de l'homme |
| 246 | 1 | |i Issues for 1st and 4th quarter 1999 reissued together under title: |a Tchad, rapport d'activités annuel, situation des droits de l'homme | |
| 260 | |a N'djamena, Tchad : |b Ligue tchadienne des droits de l'homme, Bureau national | ||
| 300 | |a v. : |b ill. ; |c 28 cm. | ||
| 310 | |a Quarterly | ||
| 500 | |a Description based on: 2. trimestre (juin 2000). | ||
| 650 | 0 | |a Human rights |z Chad |v Periodicals. | |
| 610 | 2 | 0 | |a Ligue tchadienne des droits de l'homme |v Periodicals. |
| 710 | 2 | |a Ligue tchadienne des droits de l'homme. | |
| 988 | |a 20030609 | ||
| 049 | |a HVLA |o d | ||
| 906 | |0 OCLC | ||


